Fifth course on project implementation, monitoring and evaluation- agriculture, Dec 26 1983- Jan 13, 1984 (Record no. 503616)

000 -LEADER
fixed length control field 00450cam a22001097a 4500
008 - FIXED-LENGTH DATA ELEMENTS--GENERAL INFORMATION
fixed length control field 180718b1984 xxu||||| |||| 00| 0 eng d
082 ## - DEWEY DECIMAL CLASSIFICATION NUMBER
Classification number I57 PIM/5/84/4
245 ## - TITLE STATEMENT
Title Fifth course on project implementation, monitoring and evaluation- agriculture, Dec 26 1983- Jan 13, 1984
Statement of responsibility, etc. by Ministry of Home Affairs, India
260 ## - PUBLICATION, DISTRIBUTION, ETC.
Place of publication, distribution, etc. New Delhi
Name of publisher, distributor, etc. Indian Institute of Public Administration
Date of publication, distribution, etc. 1984
300 ## - PHYSICAL DESCRIPTION
Extent --
700 ## - ADDED ENTRY--PERSONAL NAME
Personal name Indian Institute of Public Administration
Holdings
Withdrawn status Lost status Damaged status Not for loan Permanent Location Current Location Date acquired Full call number Barcode Date last seen Price effective from Koha item type
        Indian Institute of Public Administration Indian Institute of Public Administration 2018-08-04 I57 PIM/5/84/4 GG32178 2018-08-04 2018-08-04 GG

Powered by Koha